Music Quiz

Random Music or Song Quiz
Score 0/15 Timer 10:00
0 Plays Today
Artist Song % Correct
Kings of LeonSex On Fire
76.1%
Johnny CashRing of Fire
71.6%
KasabianFire
68.7%
The ProdigyFirestarter
46.3%
DragonForceThrough the Fire and the Flames
43.3%
Franz FerdinadThis Fire
31.3%
AshBurn Baby Burn
23.9%
Bullet for my ValentineScream Aim Fire
16.4%
Artist Song % Correct
LostprophetsBurn Burn
14.9%
Snow Patrol and Martha WainwrightSet the Fire to the Third Bar
13.4%
Snow PatrolSignal Fire
11.9%
Kings of LeonPistol of Fire
10.4%
MuseSunburn
9%
The ProdigySpitfire
9%
The WombatsBackfire at the Disco
9%

You're not logged in!

Compare scores with friends on all Sporcle quizzes.
OR
Log In

Sporcle TV

Today on Sporcle TV


Watch our educational content, quiz creation guides, and fun videos on Sporcle TV.

Show Comments

Extras

Top Quizzes Today


Score Distribution

Paid Content

Your Account Isn't Verified!

In order to create a playlist on Sporcle, you need to verify the email address you used during registration. Go to your Sporcle Settings to finish the process.

Report this User

Report this user for behavior that violates our Community Guidelines.

Details: